|
|
|
|
| LEADER |
00000nam1a2200000 4500 |
| 001 |
156940 |
| 005 |
20231031153439.0 |
| 035 |
|
|
|a (RuTPU)RU\TPU\book\170193
|
| 090 |
|
|
|a 156940
|
| 100 |
|
|
|a 20090401d2009 m y0rusy50 ca
|
| 101 |
0 |
|
|a rus
|
| 102 |
|
|
|a RU
|
| 200 |
1 |
|
|a Практический курс китайского языка
|e рабочая тетрадь кит. учебника А. Ф. Кондрашевского
|f Е. С. Бабушкина
|g Томский политехнический университет (ТПУ)
|
| 210 |
|
|
|a Томск
|c Изд-во ТПУ
|d 2009
|
| 452 |
|
1 |
|0 (RuTPU)RU\TPU\book\175340
|t Практический курс китайского языка
|o рабочая тетрадь к учебнику А. Ф. Кондрашевского
|f Е. С. Бабушкина
|g Томский политехнический университет (ТПУ)
|c Томск
|n Изд-во ТПУ
|d 2009
|a Бабушкина, Евгения Сергеевна
|
| 700 |
|
1 |
|a Бабушкина
|b Е. С.
|g Евгения Сергеевна
|
| 712 |
0 |
2 |
|a Томский политехнический университет (ТПУ)
|c (1991- )
|2 stltpush
|3 (RuTPU)RU\TPU\col\376
|
| 801 |
|
1 |
|a RU
|b 63413507
|c 20090401
|g PSBO
|
| 801 |
|
2 |
|a RU
|b 63413507
|c 20090611
|g PSBO
|
| 942 |
|
|
|c BK
|